Click the Action Star for Each Movie - Statistics

General Stats
  • This quiz has been taken 28 times
  • The average score is 20 of 30
Answer Stats
Hint Answer % Correct
The Terminator Arnold Schwarzenegger
100%
Die Hard Bruce Willis
100%
Predator Arnold Schwarzenegger
96%
Mission: Impossible Tom Cruise
96%
The Fugitive Harrison Ford
88%
The Fifth Element Bruce Willis
81%
Air Force One Harrison Ford
81%
Kickboxer Jean-Claude Van Damme
77%
Jack Reacher Tom Cruise
77%
Masters of the Universe Dolph Lundgren
73%
Clear and Present Danger Harrison Ford
73%
The Beekeeper Jason Statham
73%
The Mechanic Jason Statham
73%
The Transporter Jason Statham
73%
Edge of Tomorrow Tom Cruise
73%
Under Siege Steven Seagal
69%
Commando Arnold Schwarzenegger
65%
Lone Wolf McQuade Chuck Norris
65%
Bloodsport Jean-Claude Van Damme
65%
Cliffhanger Sylvester Stallone
62%
Demolition Man Sylvester Stallone
62%
The Last Boy Scout Bruce Willis
58%
The Delta Force Chuck Norris
54%
Above the Law Steven Seagal
54%
Timecop Jean-Claude Van Damme
46%
Missing in Action Chuck Norris
42%
Red Scorpion Dolph Lundgren
38%
Hard to Kill Steven Seagal
38%
Cobra Sylvester Stallone
35%
The Punisher Dolph Lundgren
27%
No matching quizzes found
Score Distribution
Percent of People with Each Score
Percentile by Number Answered
Your Score History
You have not taken this quiz